Rough silk : the incredible story of a dad and daughter / (Record no. 4497)
| 000 -LEADER | |
|---|---|
| fixed length control field | 00909cam a2200289 i 4500 |
| 001 - CONTROL NUMBER | |
| control field | 23201888 |
| 003 - CONTROL NUMBER IDENTIFIER | |
| control field | OSt |
| 005 - DATE AND TIME OF LATEST TRANSACTION | |
| control field | 20260401115909.0 |
| 008 - FIXED-LENGTH DATA ELEMENTS--GENERAL INFORMATION | |
| fixed length control field | 230627s2023 ke a 000 0aeng |
| 010 ## - LIBRARY OF CONGRESS CONTROL NUMBER | |
| LC control number | 2023320526 |
| 020 ## - INTERNATIONAL STANDARD BOOK NUMBER | |
| International Standard Book Number | 9789914493337 |
| 035 ## - SYSTEM CONTROL NUMBER | |
| System control number | 23201888 |
| 040 ## - CATALOGING SOURCE | |
| Original cataloging agency | DLC |
| Language of cataloging | eng |
| Description conventions | rda |
| Transcribing agency | DLC |
| 042 ## - AUTHENTICATION CODE | |
| Authentication code | lcode |
| -- | pcc |
| 043 ## - GEOGRAPHIC AREA CODE | |
| Geographic area code | f-ke--- |
| 050 00 - LIBRARY OF CONGRESS CALL NUMBER | |
| Classification number | HV8291.T467 2023 |
| 100 1# - MAIN ENTRY--PERSONAL NAME | |
| Personal name | Tendo, Deborah Auko, |
| Relator term | author. |
| 245 10 - TITLE STATEMENT | |
| Title | Rough silk : the incredible story of a dad and daughter / |
| Statement of responsibility, etc | Deborah Auko Tendo. |
| 300 ## - PHYSICAL DESCRIPTION | |
| Extent | vi, 310 pages : |
| Other physical details | color illustrations ; |
| Dimensions | 21 cm |
| 600 10 - SUBJECT ADDED ENTRY--PERSONAL NAME | |
| Personal name | Tendo, Deborah Auko. |
| 650 #0 - SUBJECT ADDED ENTRY--TOPICAL TERM | |
| Topical term or geographic name as entry element | Security consultants |
| Geographic subdivision | Kenya |
| Form subdivision | Biography. |
| 655 #7 - INDEX TERM--GENRE/FORM | |
| Genre/form data or focus term | Biographies. |
| Source of term | lcgft |
| 906 ## - LOCAL DATA ELEMENT F, LDF (RLIN) | |
| a | 7 |
| b | cbc |
| c | origode |
| d | 2 |
| e | ncip |
| f | 20 |
| g | y-gencatlg |
| 942 ## - ADDED ENTRY ELEMENTS (KOHA) | |
| Source of classification or shelving scheme | |
| Koha item type | Fiction and Non- Fiction novels |
| Withdrawn status | Lost status | Source of classification or shelving scheme | Damaged status | Not for loan | Home library | Current library | Shelving location | Date acquired | Total Checkouts | Full call number | Barcode | Date last seen | Price effective from | Koha item type |
|---|---|---|---|---|---|---|---|---|---|---|---|---|---|---|
| Riara University Library | Riara University Library | Leisure Reading | 01/04/2026 | HV8291.T467 2023 | 10922/26 | 01/04/2026 | 01/04/2026 | Fiction and Non- Fiction novels |
